[Event "Campeonato Absoluto de Gipuzkoa 2011"]
[Site "Donostia"]
[Date "2011.10.29"]
[Round "4"]
[Board "1"]
[White "Hernandez, Elvis"]
[Black "Etxagibel Larranaga, Asier"]
[Result "1-0"]
[WhiteElo "2303"]
[BlackElo "2029"]
[PlyCount "0"]
[EventDate "2011.10.08"]
[EventRounds "7"]
[EventCountry "ESP"]

1. e4 c5 2. Nf3 e6 3. c3 Nf6 4. e5 Nd5 5. d4 cxd4 6. cxd4 Nc6 7. Bd3 d6 8. a3
Be7 9. O-O O-O 10. Qe2 Re8 11. Re1 Qc7 12. Bd2 a6 13. Nc3 Nxc3 14. Bxc3 b5 15.
Qe4 g6 16. Qf4 dxe5 17. dxe5 Bb7 18. h4 Rad8 19. Rad1 Bf8 20. h5 Ne7 21. hxg6
fxg6 22. Qg4 Nf5 23. Ng5 Bc8 24. Qh3 Qe7 25. Ne4 Bg7 26. g4 Nd4 27. Nd6 Rxd6
28. exd6 Qxd6 29. Be4 Rd8 30. Kg2 e5 31. Qh4 Bf6 32. g5 Bh8 33. Rh1 Qd7 34.
Bxg6 Qg4+ 35. Qxg4 Bxg4 36. Bxh7+ Kf7 37. Be4 Bxd1 38. Rxd1 Ke6 39. Rh1 Bg7 40.
Rh7 Rd7 41. Kh3 Rf7 42. Bb1 Rc7 43. f4 Rd7 44. Kg4 Kd5 1-0

[Event "Campeonato Absoluto de Gipuzkoa 2011"]
[Site "Donostia"]
[Date "2011.10.29"]
[Round "4"]
[Board "1"]
[White "Ruiz Abad, Juan Manuel"]
[Black "Beitia Amador-Carrandi, Ernesto"]
[Result "1-0"]
[WhiteElo "1876"]
[BlackElo "1968"]
[PlyCount "0"]
[EventDate "2011.10.08"]
[EventRounds "7"]
[EventCountry "ESP"]

1. e4 e5 2. Nf3 Nc6 3. Bb5 Nf6 4. Qe2 Bc5 5. c3 d6 6. O-O O-O 7. Rd1 Bg4 8. d3
d5 9. h3 Bxf3 10. Qxf3 d4 11. Bg5 Qd6 12. Nd2 Rad8 13. Nb3 Bb6 14. Bxf6 Qxf6
15. Qxf6 gxf6 16. Bxc6 bxc6 17. c4 a6 18. c5 Ba7 19. Na5 Rb8 20. Nxc6 Rb7 21.
b4 Re8 22. g4 Kf8 23. Rab1 Rc8 24. Rb3 Ke8 25. Ra3 Kd7 26. Rxa6 Bb6 27. Na5
Bxa5 28. c6+ 1-0

[Event "Campeonato Absoluto de Gipuzkoa 2011"]
[Site "Donostia"]
[Date "2011.10.29"]
[Round "4"]
[Board "1"]
[White "Ruiz Martinez, Isidro"]
[Black "Nogues Fernandez, Ramon"]
[Result "1-0"]
[WhiteElo "2014"]
[BlackElo "1939"]
[PlyCount "0"]
[EventDate "2011.10.08"]
[EventRounds "7"]
[EventCountry "ESP"]

1. e4 e5 2. Nf3 Nc6 3. Bb5 a6 4. Ba4 Nf6 5. O-O Be7 6. Re1 b5 7. Bb3 O-O 8. h3
Bb7 9. c3 d5 10. exd5 Nxd5 11. d3 Bf6 12. Bc2 Qd7 13. Nbd2 Rae8 14. Nb3 Qd8 15.
Qe2 Qe7 16. Qe4 Rd8 17. d4 g6 18. dxe5 Bg7 19. Bg5 f6 20. exf6 Qxe4 21. Bxe4
Bxf6 22. Nc5 Bc8 23. Rad1 Nde7 24. Rxd8 Nxd8 25. Bxf6 Rxf6 26. Nd4 Kf7 27. Re3
Kg7 28. Bb7 Nxb7 29. Rxe7+ Rf7 30. Rxc7 Nxc5 31. Rxc5 Bb7 32. f4 Re7 33. Kf2
Kf6 34. g3 h5 35. h4 Be4 36. b3 Rd7 37. Re5 Bf5 38. Ke3 Rd6 39. Rc5 Bd7 40. c4
Rb6 41. Rc7 Bf5 42. c5 Rb8 43. Rc6+ Kf7 44. Nf3 Ra8 45. Ne5+ Kg7 46. Kd4 a5 47.
Rb6 b4 48. Rb7+ Kf6 49. c6 Bb1 50. c7 Rc8 51. Nd7+ 1-0

[Event "Campeonato Absoluto de Gipuzkoa 2011"]
[Site "Donostia"]
[Date "2011.10.29"]
[Round "4"]
[Board "1"]
[White "Martin Alvarez, Inigo"]
[Black "Garro Beraza, Julen"]
[Result "1/2-1/2"]
[WhiteElo "2316"]
[BlackElo "1990"]
[PlyCount "0"]
[EventDate "2011.10.08"]
[EventRounds "7"]
[EventCountry "ESP"]

1. e4 c5 2. Nf3 d6 3. d4 cxd4 4. Nxd4 Nf6 5. Nc3 a6 6. Bc4 e6 7. Bb3 Be7 8. f4
Nc6 9. O-O O-O 10. Kh1 Qc7 11. f5 Nxd4 12. Qxd4 Bd7 13. fxe6 fxe6 14. Bg5 Rf7
15. Rad1 Raf8 16. Qd3 Qc5 17. Be3 Qh5 18. h3 Kh8 19. Bf4 Ng4 20. Bg3 Ne5 21.
Bxe5 Qxe5 22. Rxf7 Rxf7 23. Ne2 Bc6 24. Qd4 1/2-1/2

[Event "Campeonato Absoluto de Gipuzkoa 2011"]
[Site "Donostia"]
[Date "2011.10.29"]
[Round "4"]
[Board "1"]
[White "Rodriguez Cabrera, Fco  Javier"]
[Black "Olaizola Ortega, Luis"]
[Result "0-1"]
[WhiteElo "1954"]
[BlackElo "2217"]
[PlyCount "0"]
[EventDate "2011.10.08"]
[EventRounds "7"]
[EventCountry "ESP"]

1. e4 e6 2. Nf3 d5 3. Nc3 Nf6 4. e5 Nfd7 5. Ne2 c5 6. c3 Nc6 7. d4 Qb6 8. a3 a5
9. b3 Be7 10. Nf4 g5 11. Nh5 cxd4 12. Bd3 Ndxe5 13. Nxd4 Nxd4 14. cxd4 Nxd3+
15. Qxd3 Bd7 16. a4 Rc8 17. O-O f6 18. Bd2 O-O 19. f4 Be8 20. Ng3 gxf4 21. Rxf4
Bg6 22. Qe2 Rc2 23. Kh1 Bb4 24. Rd1 Bxd2 25. Rxd2 Rxd2 26. Qxd2 Qxb3 27. Qxa5
Qd1+ 28. Nf1 Bd3 29. h3 Bxf1 30. Rg4+ Kh8 31. Kh2 Be2 32. Qc5 Re8 33. Rg3 Bh5
34. Qc7 Bg6 35. Qd7 Qc2 36. Qxb7 Qxa4 37. Rxg6 hxg6 38. Qf7 Qc6 39. Qxf6+ Kh7
40. Qf7+ Kh6 41. Qf4+ Kg7 42. Qe5+ Kg8 0-1

[Event "Campeonato Absoluto de Gipuzkoa 2011"]
[Site "Donostia"]
[Date "2011.10.29"]
[Round "4"]
[Board "1"]
[White "Ezpeleta Pradera, Juan Francisc"]
[Black "Torres, Patrice"]
[Result "0-1"]
[WhiteElo "2096"]
[BlackElo "1964"]
[PlyCount "0"]
[EventDate "2011.10.08"]
[EventRounds "7"]
[EventCountry "ESP"]

1. e4 c5 2. Nc3 e6 3. f4 d5 4. Nf3 dxe4 5. Nxe4 Nc6 6. g3 Be7 7. Bg2 Nf6 8. Nf2
O-O 9. O-O Qc7 10. b3 b6 11. Bb2 Bb7 12. Ne5 Rad8 13. d3 Nd4 14. Nfg4 Bxg2 15.
Kxg2 Nxg4 16. Nxg4 b5 17. c3 Nf5 18. Qe2 a6 19. Kg1 b4 20. Rac1 Qd6 21. Ne5 Bf6
22. cxb4 Nd4 23. Qe4 cxb4 24. Rc4 Nb5 25. Rc6 Qd5 26. Rxa6 Qc5+ 27. Kg2 Nd6 28.
Qf3 Nf5 29. Rc6 Qb5 30. Rc4 Qa5 31. Rf2 Qxa2 32. d4 Qa7 33. Nc6 Qa8 34. Nxd8
Ne3+ 35. Kh3 Qxf3 36. Rxf3 Nxc4 37. bxc4 Rxd8 38. Rd3 Kf8 39. Kg4 Ke7 40. Kf3
Kd7 41. Rb3 Kc6 42. Ke4 Be7 43. Bc1 Kb6 44. Bd2 Ka5 45. Ra3+ Kb6 46. c5+ Kb5
47. Ra7 Rxd4+ 48. Kxd4 Bxc5+ 49. Kd3 Bxa7 50. g4 f5 51. h3 g6 52. Bc1 Bc5 53.
Bd2 fxg4 54. hxg4 h5 55. gxh5 gxh5 56. Be1 Bd6 57. Bg3 b3 58. Kc3 Ka4 59. Kb2
Be7 60. Kb1 h4 61. Bf2 h3 62. Bg3 Bf6 63. Bh2 Bh4 64. Kb2 Kb4 65. f5 exf5 66.
Be5 Bf6 0-1

[Event "Campeonato Absoluto de Gipuzkoa 2011"]
[Site "Donostia"]
[Date "2011.10.29"]
[Round "4"]
[Board "1"]
[White "Sanchez Ruesga, Hector"]
[Black "Segovia Sanchez, Antonio"]
[Result "0-1"]
[WhiteElo "1897"]
[BlackElo "2006"]
[PlyCount "0"]
[EventDate "2011.10.08"]
[EventRounds "7"]
[EventCountry "ESP"]

1. d4 Nf6 2. c4 d6 3. Nf3 g6 4. g3 Bg7 5. Bg2 O-O 6. O-O Ne4 7. Qc2 f5 8. Rd1
e6 9. Nbd2 Nxd2 10. Bxd2 Qe7 11. Bg5 Qe8 12. e4 h6 13. exf5 hxg5 14. fxe6 Qxe6
15. Nxg5 Qf6 16. f4 Nc6 17. c5 Nxd4 18. Bd5+ Kh8 19. Qc4 c6 20. Ne4 cxd5 21.
Qxd5 Ne2+ 22. Kf1 Qxb2 23. Ng5 Nc3 24. Qxd6 Qe2+ 25. Kg1 Nxd1 0-1

[Event "Campeonato Absoluto de Gipuzkoa 2011"]
[Site "Donostia"]
[Date "2011.10.29"]
[Round "4"]
[Board "1"]
[White "Irure Crespo, Egoitz"]
[Black "Fernandez Zubitur, Jokin"]
[Result "1/2-1/2"]
[WhiteElo "1993"]
[BlackElo "1928"]
[PlyCount "36"]
[EventDate "2011.10.08"]
[EventRounds "7"]
[EventCountry "ESP"]

1. e4 d6 2. d4 Nf6 3. Nc3 e5 4. dxe5 dxe5 5. Qxd8+ Kxd8 6. Bc4 Ke8 7. Nge2 Bb4
8. f3 Nc6 9. Be3 Na5 10. Bd3 Be6 11. O-O-O Nc4 12. Bf2 c6 13. Na4 Nd7 14. b3
Ncb6 15. c3 Ba3+ 16. Nb2 Bc5 17. Bg3 h5 18. h4 f6 1/2-1/2

[Event "Campeonato Absoluto de Gipuzkoa 2011"]
[Site "Donostia"]
[Date "2011.10.29"]
[Round "4"]
[Board "1"]
[White "Izagirre Alsua, Aritz"]
[Black "Uriarte Prieto, Goyo"]
[Result "0-1"]
[WhiteElo "1781"]
[BlackElo "2017"]
[PlyCount "84"]
[EventDate "2011.10.08"]
[EventRounds "7"]
[EventCountry "ESP"]

1. e4 e5 2. Nf3 Nc6 3. Bb5 f5 4. d3 fxe4 5. dxe4 Nf6 6. Nbd2 Bc5 7. c3 d6 8. a4
a6 9. Bc4 Bg4 10. b4 Ba7 11. Qc2 h6 12. a5 Qd7 13. b5 axb5 14. Bxb5 O-O 15. a6
Qc8 16. Rb1 Kh7 17. axb7 Qxb7 18. Ba4 Bb6 19. Bb3 Na5 20. Ba2 Qa6 21. h3 Bxf3
22. Nxf3 Nc4 23. Bb3 Na3 24. Bxa3 Qxa3 25. O-O Rab8 26. Nh4 Nh5 27. Nf5 g6 28.
Ne3 Bxe3 29. fxe3 Rxf1+ 30. Kxf1 Ng3+ 31. Kg1 Rf8 32. Bc4 Qc5 33. Qd3 h5 34.
Re1 h4 35. Be6 Qc6 36. Bd5 Qb6 37. Be6 Qb2 38. Rb1 Qf2+ 39. Kh2 Nf1+ 40. Rxf1
Qxf1 41. Qxf1 Rxf1 42. g3 Rf2+ 0-1

[Event "Campeonato Absoluto de Gipuzkoa 2011"]
[Site "Donostia"]
[Date "2011.10.29"]
[Round "4"]
[Board "1"]
[White "Gonzalez Blanco, Aitor"]
[Black "Galarza Cenzano, Inigo"]
[Result "1/2-1/2"]
[WhiteElo "2025"]
[BlackElo "2006"]
[PlyCount "50"]
[EventDate "2011.10.08"]
[EventRounds "7"]
[EventCountry "ESP"]

1. e4 e5 2. Nf3 Nc6 3. Bc4 Bc5 4. c3 Qe7 5. O-O Nf6 6. d4 Bb6 7. Bg5 d6 8. d5
Nb8 9. Nbd2 O-O 10. h3 Nbd7 11. b4 Qe8 12. Qe2 Nh5 13. Kh2 f6 14. Be3 g6 15.
Bb3 Bxe3 16. Qxe3 f5 17. exf5 gxf5 18. Bc2 Ndf6 19. c4 Nf4 20. Ng1 Qh5 21. Bd1
Ng4+ 22. Bxg4 fxg4 23. Ne4 Kh8 24. a4 Qg6 25. h4 Bf5 1/2-1/2

[Event "Campeonato Absoluto de Gipuzkoa 2011"]
[Site "Donostia"]
[Date "2011.10.29"]
[Round "4"]
[Board "1"]
[White "Galarraga Lasa, Jon Gurutz"]
[Black "Izquierdo Arruferia, Joseba"]
[Result "0-1"]
[WhiteElo "1853"]
[BlackElo "1811"]
[PlyCount "56"]
[EventDate "2011.10.08"]
[EventRounds "7"]
[EventCountry "ESP"]

1. d4 e6 2. c4 d5 3. Nc3 Nf6 4. Nf3 Be7 5. Bf4 O-O 6. e3 Nbd7 7. Bd3 dxc4 8.
Bxc4 Nb6 9. Bd3 Nbd5 10. Nxd5 Nxd5 11. Bg3 b6 12. O-O Bb7 13. Rc1 c5 14. dxc5
Bxc5 15. a3 Nxe3 16. fxe3 Bxe3+ 17. Kh1 Bxc1 18. Qxc1 Qxd3 19. Ne5 Qd5 20. Qc2
f6 21. Nf3 Rac8 22. Qa4 a6 23. Re1 Rc4 24. Qb3 Re4 25. Qxb6 Rxe1+ 26. Nxe1 e5
27. h3 Rc8 28. Kh2 Rc2 0-1

[Event "Campeonato Absoluto de Gipuzkoa 2011"]
[Site "Donostia"]
[Date "2011.11.05"]
[Round "5"]
[Board "1"]
[White "Etchegaray, Patrice"]
[Black "Hernandez, Elvis"]
[Result "1-0"]
[WhiteElo "2419"]
[BlackElo "2303"]
[PlyCount "0"]
[EventDate "2011.10.08"]
[EventRounds "7"]
[EventCountry "ESP"]

1. e4 e6 2. d4 d5 3. e5 c5 4. c3 Nc6 5. Nf3 Qb6 6. Be2 Nh6 7. Bxh6 gxh6 8. Qd2
Bg7 9. O-O O-O 10. Na3 cxd4 11. cxd4 Bd7 12. Nc2 a5 13. a3 a4 14. Ne3 h5 15.
Rad1 f6 16. exf6 Bxf6 17. Ne5 Bxe5 18. dxe5 Nxe5 19. Bxh5 Be8 20. Be2 Ng6 21.
g3 Bc6 22. Ng4 Qc7 23. h4 Qg7 24. h5 Ne7 25. Qe3 Nf5 26. Qe5 Rae8 27. Kh2 Kf7
28. Rfe1 Qg5 29. Ne3 Kg8 30. Rg1 Qh6 31. Ng2 Ng7 32. f4 Rf5 33. Qc3 Nxh5 34.
Nh4 Ng7 35. Bg4 Rf7 36. Rgf1 Nf5 37. Bxf5 Rxf5 38. Rde1 Rh5 39. Re5 Rxe5 40.
Qxe5 Qg7 41. Qe2 Kh8 42. Re1 Rg8 43. Qf2 Qf6 44. Re5 Rc8 45. Qd4 Bb5 46. Qd2
Rc4 47. Kh3 d4 48. Rxb5 Qd8 49. Qe2 Rc6 50. Qe5+ 1-0

[Event "Campeonato Absoluto de Gipuzkoa 2011"]
[Site "Donostia"]
[Date "2011.11.05"]
[Round "5"]
[Board "1"]
[White "Ruiz Abad, Juan Manuel"]
[Black "Argandona Riveiro, Inigo"]
[Result "1/2-1/2"]
[WhiteElo "1876"]
[BlackElo "2387"]
[PlyCount "0"]
[EventDate "2011.10.08"]
[EventRounds "7"]
[EventCountry "ESP"]

1. e4 c6 2. d4 g6 3. Nc3 d5 4. Nf3 Bg7 5. Be2 Nh6 6. O-O O-O 7. Bf4 f6 8. Re1
Nf7 9. e5 Bg4 10. h3 Bxf3 11. Bxf3 fxe5 12. dxe5 e6 13. Ne2 Nxe5 14. Bxe5 Bxe5
15. Nd4 Qf6 16. c3 Nd7 17. Qb3 Nc5 18. Qa3 Bd6 19. Nxe6 Ne4 20. Qb3 Nd2 21.
Qxb7 Nxf3+ 22. gxf3 Rfc8 23. Qd7 Qe7 24. Qxe7 Bxe7 25. Nd4 Bf8 26. Re6 c5 27.
Nc6 Rc7 28. Rae1 a5 29. Ne7+ 1/2-1/2

[Event "Campeonato Absoluto de Gipuzkoa 2011"]
[Site "Donostia"]
[Date "2011.11.05"]
[Round "5"]
[Board "1"]
[White "Olaizola Ortega, Luis"]
[Black "Ruiz Martinez, Isidro"]
[Result "1-0"]
[WhiteElo "2217"]
[BlackElo "2014"]
[PlyCount "0"]
[EventDate "2011.10.08"]
[EventRounds "7"]
[EventCountry "ESP"]

1. Nf3 Nf6 2. c4 c5 3. g3 g6 4. Bg2 Bg7 5. O-O O-O 6. d4 Nc6 7. Nc3 cxd4 8.
Nxd4 Nxd4 9. Qxd4 Qa5 10. Qh4 Qb4 11. a3 Qb3 12. c5 a5 13. Qa4 Qe6 14. Rd1 Ra6
15. Be3 Qf5 16. Rac1 Re6 17. Bd4 Bh6 18. f4 g5 19. e4 Nxe4 20. Nxe4 Rxe4 21.
Qc2 d5 22. cxd6 Rxd4 23. Qxf5 Bxf5 24. Rxd4 exd6 25. Rxd6 Bg7 26. Rc5 Bg6 27.
f5 Bxb2 28. fxg6 Bxa3 29. gxf7+ Kh8 30. Rxg5 Bxd6 31. Bd5 h5 32. Rg8+ Kh7 33.
Be4+ Kh6 34. Rg6+ 1-0

[Event "Campeonato Absoluto de Gipuzkoa 2011"]
[Site "Donostia"]
[Date "2011.11.05"]
[Round "5"]
[Board "1"]
[White "Etxagibel Larranaga, Asier"]
[Black "Segovia Sanchez, Antonio"]
[Result "0-1"]
[WhiteElo "2029"]
[BlackElo "2006"]
[PlyCount "0"]
[EventDate "2011.10.08"]
[EventRounds "7"]
[EventCountry "ESP"]

1. c4 Nf6 2. g3 e6 3. Bg2 d5 4. Nf3 a6 5. b3 Be7 6. O-O O-O 7. Bb2 Nbd7 8. d4
b6 9. cxd5 Nxd5 10. e4 N5f6 11. Nc3 Bb7 12. Re1 Bb4 13. Qc2 c5 14. a3 cxd4 15.
Nxd4 Bxc3 16. Bxc3 Rc8 17. Rac1 Qc7 18. Red1 Rfd8 19. f3 Qc5 20. b4 Qh5 21. Ne2
h6 22. Qb2 Ne8 23. Rd2 Ndf6 24. Rcd1 Rxd2 25. Rxd2 Qb5 26. Be5 Qc4 27. Nc3 Qc6
28. Bf1 b5 29. Ne2 Nd7 30. Bc3 Nb6 31. Rd3 Nc4 32. Qa1 Ncd6 33. Bd4 Nc4 34. Bc5
Nf6 35. Nc1 Nd7 36. Nb3 Nde5 37. Rc3 f5 38. Nd4 Qd7 39. f4 Rxc5 40. Rc1 Rc8 41.
fxe5 Bxe4 42. Bxc4 bxc4 43. Qc3 Rd8 44. Rd1 Qd5 45. Rd2 Bd3 46. Ne2 Qe4 47. Kf2
Rd5 48. Nf4 Rxe5 49. Nxd3 Qe3+ 50. Kg2 Rd5 51. Rc2 cxd3 52. Rd2 Qe4+ 53. Kh3
Qg4+ 54. Kg2 Qe4+ 55. Kh3 f4 56. g4 Kh7 0-1

[Event "Campeonato Absoluto de Gipuzkoa 2011"]
[Site "Donostia"]
[Date "2011.11.05"]
[Round "5"]
[Board "1"]
[White "Torres, Patrice"]
[Black "Irure Crespo, Egoitz"]
[Result "1/2-1/2"]
[WhiteElo "1964"]
[BlackElo "1993"]
[PlyCount "0"]
[EventDate "2011.10.08"]
[EventRounds "7"]
[EventCountry "ESP"]

1. Nf3 Nf6 2. e3 g6 3. b3 Bg7 4. Bb2 d5 5. c4 c6 6. Be2 O-O 7. O-O Qb6 8. d4
Nbd7 9. Nc3 Re8 10. cxd5 Nxd5 11. Nxd5 cxd5 12. Qc2 Nf8 13. Rfc1 Bd7 14. Qc5
Qxc5 15. Rxc5 Rec8 16. Rac1 Rxc5 17. Rxc5 Rc8 18. Rxc8 Bxc8 1/2-1/2

[Event "Campeonato Absoluto de Gipuzkoa 2011"]
[Site "Donostia"]
[Date "2011.11.05"]
[Round "5"]
[Board "1"]
[White "Beitia Amador-Carrandi, Ernesto"]
[Black "Martin Alvarez, Inigo"]
[Result "0-1"]
[WhiteElo "1968"]
[BlackElo "2316"]
[PlyCount "0"]
[EventDate "2011.10.08"]
[EventRounds "7"]
[EventCountry "ESP"]

1. e4 d6 2. Nc3 e5 3. Nf3 Nf6 4. d4 Nbd7 5. Bc4 Be7 6. Ng5 O-O 7. Bxf7+ Rxf7 8.
Ne6 Qe8 9. Nxc7 Qd8 10. Nxa8 b6 11. O-O Ba6 12. Re1 exd4 13. Qxd4 Ng4 14. Be3
Bf6 15. Qd2 Nde5 16. Nd5 Bh4 17. Nac7 Bxf2+ 18. Bxf2 Rxf2 19. Qxf2 Nxf2 20.
Kxf2 Qh4+ 21. Kg1 Bc4 22. b3 Bxd5 23. Nxd5 h5 24. Re2 Qg4 25. Re3 Ng6 26. Rae1
Kh7 27. Rg3 Qc8 28. Rc3 Qg4 29. Rg3 Qh4 30. Ree3 Ne5 31. Rh3 Qg4 32. Re1 h4 33.
a4 Ng6 34. Kh1 Qg5 35. Rhe3 Ne5 36. h3 Nc6 37. c3 Ne5 38. Rf1 Qh5 39. Kg1 Qh6
40. Rfe1 Nd7 41. b4 Ne5 42. Ne7 Qf6 43. Nd5 Qg5 44. Rf1 Nc4 45. Re2 Kh6 46. Kh1
Kh7 47. Rfe1 Qe5 48. Rf1 Qg3 49. Rf3 Qg5 50. Rf1 Ne5 51. Rd1 Qd8 52. Re3 Qc8
53. Rde1 Qc4 54. Kg1 Qa2 55. Ne7 Qxa4 56. Nf5 Qc6 57. Nxh4 a5 58. bxa5 bxa5 59.
Nf3 Nc4 60. R3e2 a4 61. Ra1 a3 62. Rea2 Qb6+ 63. Kh2 Qe3 64. Ne1 Qxc3 65. Nc2
Qe5+ 66. Kg1 Qxe4 67. Nxa3 Ne3 68. Re2 Qd4 69. Raa2 Ng4+ 70. Kh1 Qd1+ 0-1

[Event "Campeonato Absoluto de Gipuzkoa 2011"]
[Site "Donostia"]
[Date "2011.11.05"]
[Round "5"]
[Board "1"]
[White "Guijarro Galan, Jose Luis"]
[Black "Garro Beraza, Julen"]
[Result "1/2-1/2"]
[WhiteElo "2177"]
[BlackElo "1990"]
[PlyCount "48"]
[EventDate "2011.10.08"]
[EventRounds "7"]
[EventCountry "ESP"]

1. e4 c5 2. Nf3 d6 3. d4 cxd4 4. Nxd4 Nf6 5. Nc3 a6 6. Bc4 e6 7. O-O Be7 8. Bb3
O-O 9. Kh1 Nbd7 10. Bxe6 fxe6 11. Nxe6 Qa5 12. Nxf8 Bxf8 13. Qe2 b5 14. a3 Bb7
15. Bf4 Re8 16. f3 d5 17. Qd2 dxe4 18. Nxe4 Qxd2 19. Nxf6+ Nxf6 20. Bxd2 Re2
21. Rad1 Ng4 22. Rfe1 Nf2+ 23. Kg1 Nh3+ 24. Kh1 Nf2+ 1/2-1/2

[Event "Campeonato Absoluto de Gipuzkoa 2011"]
[Site "Donostia"]
[Date "2011.11.05"]
[Round "5"]
[Board "1"]
[White "Uriarte Prieto, Goyo"]
[Black "Nogues Fernandez, Ramon"]
[Result "1-0"]
[WhiteElo "2017"]
[BlackElo "1939"]
[PlyCount "0"]
[EventDate "2011.10.08"]
[EventRounds "7"]
[EventCountry "ESP"]

1. e4 e6 2. d4 d5 3. e5 c5 4. c3 Ne7 5. g3 Nec6 6. Ne2 Nd7 7. Bg2 b5 8. O-O Nb6
9. Nd2 a5 10. Nf3 Be7 11. Re1 b4 12. cxb4 cxb4 13. b3 Ba6 14. Be3 Rc8 15. Rc1
Na7 16. Qd2 h6 17. Nf4 Qd7 18. Rxc8+ Nbxc8 19. Nh5 Rg8 20. Rc1 Bf8 21. Bxh6 Qb7
22. Bg5 Ne7 23. Qc2 Rh8 24. Bxe7 Bxe7 25. Nf4 g5 26. Nd3 Bxd3 27. Qxd3 Nb5 28.
Nd2 Kd7 29. Bf1 Nc3 30. a4 Qc8 31. Rc2 Qf8 32. Rxc3 bxc3 33. Qb5+ Kc8 34. Qc6+
Kb8 35. Qb6+ Ka8 36. Qxa5+ Kb8 37. Qb6+ Ka8 38. Bb5 1-0

[Event "Campeonato Absoluto de Gipuzkoa 2011"]
[Site "Donostia"]
[Date "2011.11.05"]
[Round "5"]
[Board "1"]
[White "Fernandez Zubitur, Jokin"]
[Black "Ezpeleta Pradera, Juan Francisc"]
[Result "0-1"]
[WhiteElo "1928"]
[BlackElo "2096"]
[PlyCount "94"]
[EventDate "2011.10.08"]
[EventRounds "7"]
[EventCountry "ESP"]

1. e4 c5 2. Nc3 Nc6 3. g3 g6 4. Bg2 Bg7 5. d3 e6 6. f4 Nge7 7. Be3 d6 8. Nf3
O-O 9. O-O Nd4 10. Rb1 Nec6 11. Ne2 Nxf3+ 12. Bxf3 Nd4 13. Bf2 e5 14. f5 gxf5
15. Bxd4 cxd4 16. exf5 Qg5 17. Qc1 Qf6 18. Qd1 Bh6 19. c3 Rb8 20. cxd4 Be3+ 21.
Kh1 exd4 22. Nf4 Qxf5 23. Nd5 Qg5 24. Nf6+ Kg7 25. Be4 Bh3 26. Nxh7 Qe5 27.
Nxf8 Rxf8 28. Bg2 Be6 29. Qf3 Rh8 30. Rbe1 Qg5 31. Rxe3 dxe3 32. Re1 e2 33.
Qxe2 Qxg3 34. Bxb7 Rxh2+ 35. Qxh2 Qxe1+ 36. Qg1+ Qxg1+ 37. Kxg1 Bxa2 38. Kf2
Kf6 39. Ke3 Kg5 40. b4 f5 41. Bf3 Bb3 42. Bg2 Kg4 43. Bb7 Kg3 44. Bf3 f4+ 45.
Ke4 Bd5+ 46. Kxd5 Kxf3 47. Kxd6 Ke3 0-1

[Event "Campeonato Absoluto de Gipuzkoa 2011"]
[Site "Donostia"]
[Date "2011.11.05"]
[Round "5"]
[Board "1"]
[White "Ros Eskisabel, Jose Ramon"]
[Black "Sanchez Ruesga, Hector"]
[Result "1/2-1/2"]
[WhiteElo "2132"]
[BlackElo "1897"]
[PlyCount "39"]
[EventDate "2011.10.08"]
[EventRounds "7"]
[EventCountry "ESP"]

1. Nf3 c5 2. c4 Nc6 3. g3 g6 4. Bg2 Bg7 5. O-O Nf6 6. Nc3 O-O 7. d3 d5 8. cxd5
Nxd5 9. Bd2 e6 10. Rc1 b6 11. a3 Bb7 12. h4 Qd7 13. h5 Nd4 14. Nxd4 Nxc3 15.
bxc3 Bxg2 16. Kxg2 cxd4 17. hxg6 hxg6 18. cxd4 Bxd4 19. Qb3 Rac8 20. f3 1/2-1/2

[Event "Campeonato Absoluto de Gipuzkoa 2011"]
[Site "Donostia"]
[Date "2011.11.05"]
[Round "5"]
[Board "1"]
[White "Cantabrana Garona, Alejandro"]
[Black "Gonzalez Blanco, Aitor"]
[Result "1/2-1/2"]
[WhiteElo "1812"]
[BlackElo "2025"]
[PlyCount "50"]
[EventDate "2011.10.08"]
[EventRounds "7"]
[EventCountry "ESP"]

1. d4 d5 2. e3 Nf6 3. Bd3 c5 4. b3 Nc6 5. Nf3 Bg4 6. Bb2 Qb6 7. dxc5 Qxc5 8. c3
e5 9. Be2 Qb6 10. Nbd2 Rd8 11. O-O Be7 12. h3 Bh5 13. Nh4 Bg6 14. Nxg6 hxg6 15.
a4 e4 16. b4 O-O 17. Nb3 a5 18. b5 Ne5 19. Qd4 Qe6 20. Nxa5 Nf3+ 21. gxf3 Qxh3
22. f4 Ng4 23. Bxg4 Qxg4+ 24. Kh2 Qh4+ 25. Kg2 Qg4+ 1/2-1/2

[Event "Campeonato Absoluto de Gipuzkoa 2011"]
[Site "Donostia"]
[Date "2011.11.05"]
[Round "5"]
[Board "1"]
[White "Galarza Cenzano, Inigo"]
[Black "D Anna Razzetti, Juan Pablo"]
[Result "1/2-1/2"]
[WhiteElo "2006"]
[BlackElo "1871"]
[PlyCount "39"]
[EventDate "2011.10.08"]
[EventRounds "7"]
[EventCountry "ESP"]

1. e4 c5 2. Nc3 Nc6 3. f4 d6 4. Nf3 e6 5. Bb5 Be7 6. O-O Nf6 7. Bxc6+ bxc6 8.
e5 Nd5 9. exd6 Bxd6 10. g3 h5 11. Ne4 h4 12. Nxd6+ Qxd6 13. Nxh4 Nxf4 14. Rxf4
g5 15. Rf2 gxh4 16. Qf3 hxg3 17. hxg3 Rh7 18. d3 Bd7 19. Bf4 Qd5 20. Qxd5
1/2-1/2

[Event "Campeonato Absoluto de Gipuzkoa 2011"]
[Site "Donostia"]
[Date "2011.11.12"]
[Round "6"]
[Board "1"]
[White "Segovia Sanchez, Antonio"]
[Black "Etchegaray, Patrice"]
[Result "0-1"]
[WhiteElo "2006"]
[BlackElo "2419"]
[PlyCount "0"]
[EventDate "2011.10.08"]
[EventRounds "7"]
[EventCountry "ESP"]

1. d4 Nf6 2. Bf4 g6 3. e3 Bg7 4. Nf3 d6 5. Be2 Nh5 6. Bg5 h6 7. Bh4 g5 8. Nfd2
Nf4 9. exf4 gxh4 10. c3 c5 11. d5 Nd7 12. Na3 a6 13. Nf3 b5 14. Nc2 Nb6 15. O-O
Bf6 16. Ne3 Rg8 17. Re1 Na4 18. Qc2 Qa5 19. Rac1 Bd7 20. Nd2 O-O-O 21. Ne4 Bh8
22. b3 f5 23. Nxd6+ exd6 24. bxa4 Qxa4 25. Qxa4 bxa4 26. Bxa6+ Kc7 27. Bd3 Rgf8
28. Nc4 Bf6 29. Re3 Rb8 30. Kf1 Bb5 31. Re2 Rfe8 32. Rxe8 Rxe8 33. Nb2 a3 34.
Bxb5 axb2 35. Rb1 Re4 36. Rxb2 Bxc3 37. Re2 Rd4 38. Rc2 Bb4 39. Bc6 Rxf4 40. g3
Rd4 41. a4 Kb6 42. Ke2 c4 43. Ke3 Kc5 44. f3 h5 45. Ra2 hxg3 46. hxg3 Ba5 47.
Rb2 Rd3+ 48. Ke2 Bc3 49. Ra2 Ba5 50. Rc2 Ra3 51. Be8 f4 52. Bxh5 fxg3 53. f4
Kd4 54. Bf3 Re3+ 55. Kf1 Rxf3+ 0-1

[Event "Campeonato Absoluto de Gipuzkoa 2011"]
[Site "Donostia"]
[Date "2011.11.12"]
[Round "6"]
[Board "1"]
[White "Argandona Riveiro, Inigo"]
[Black "Olaizola Ortega, Luis"]
[Result "1-0"]
[WhiteElo "2387"]
[BlackElo "2217"]
[PlyCount "0"]
[EventDate "2011.10.08"]
[EventRounds "7"]
[EventCountry "ESP"]

1. c4 c6 2. e4 d5 3. exd5 cxd5 4. cxd5 Nf6 5. Qa4+ Nbd7 6. Nc3 g6 7. d4 Bg7 8.
d6 exd6 9. Bd3 O-O 10. Nge2 Nb6 11. Qa3 d5 12. O-O Re8 13. Qb3 Ne4 14. a4 a5
15. Be3 Bf5 16. Bb5 Re7 17. Nxe4 Bxe4 18. Ng3 Rc8 19. Nxe4 Rxe4 20. Bd3 Re6 21.
Rac1 Rec6 22. Rc5 Rxc5 23. dxc5 Nd7 24. Qxd5 Nxc5 25. Qxd8+ Rxd8 26. Bb5 b6 27.
Rb1 Be5 28. g3 Nb3 29. Bxb6 Rd2 30. Bc4 Nd4 31. Bxa5 1-0

[Event "Campeonato Absoluto de Gipuzkoa 2011"]
[Site "Donostia"]
[Date "2011.11.12"]
[Round "6"]
[Board "1"]
[White "Martin Alvarez, Inigo"]
[Black "Ruiz Abad, Juan Manuel"]
[Result "1-0"]
[WhiteElo "2316"]
[BlackElo "1876"]
[PlyCount "0"]
[EventDate "2011.10.08"]
[EventRounds "7"]
[EventCountry "ESP"]

1. e4 c5 2. Nf3 Nc6 3. d4 cxd4 4. Nxd4 Nf6 5. Nc3 e5 6. Ndb5 d6 7. Bg5 a6 8.
Na3 b5 9. Bxf6 gxf6 10. Nd5 f5 11. Bd3 Be6 12. O-O Bxd5 13. exd5 Ne7 14. Re1
Bg7 15. c3 e4 16. Bf1 Qc8 17. f3 e3 18. Qd3 f4 19. Kh1 Be5 20. Nc2 Qb7 21. Rad1
Rc8 22. g3 Rc5 23. gxf4 Rxd5 24. Qxe3 Bf6 25. Rxd5 Qxd5 26. Nb4 Qb7 27. Qe4 Qd7
28. Nd5 Bh4 29. f5 1-0